| 000 | 00447nam a2200193Ia 4500 | ||
|---|---|---|---|
| 008 | 170918s9999 xx 000 0 und d | ||
| 020 | _a9780545880862 | ||
| 050 | _bH521bo 2015 | ||
| 100 | _aHenry, April | ||
| 245 | 4 | _aThe body in the woods / | |
| 245 | _cby April Henry. | ||
| 260 | _aNew York : | ||
| 260 | _bScholastic, | ||
| 260 | _c2015 | ||
| 300 | _a263 pages : | ||
| 300 | _billustrations : | ||
| 300 | _c21cm. | ||
| 500 | _a720 | ||
| 999 |
_c344148 _d344148 |
||